Estatutos y reglamento de la Academia Literaria de Santiago. (Record no. 182799)

MARC details
000 -LEADER
campo de control de longitud fija 00583nam a2200157 i 4500
001 - NÚMERO DE CONTROL
campo de control 182799
003 - IDENTIFICADOR DE NÚMERO DE CONTROL
campo de control ES-MaACL
005 - FECHA Y HORA DE LA ÚLTIMA TRANSACCIÓN
campo de control 20230906221720.0
008 - DATOS DE LONGITUD FIJA--INFORMACIÓN GENERAL
campo de control de longitud fija 131105s1842 sp |||| | spa d
110 2# - ENTRADA PRINCIPAL--NOMBRE DE ENTIDAD CORPORATIVA
Nombre de entidad corporativa o nombre de jurisdicción como elemento de entrada Academia Literaria de Santiago.
9 (RLIN) 153779
245 10 - MENCIÓN DEL TÍTULO
Título Estatutos y reglamento de la Academia Literaria de Santiago.
260 ## - PUBLICACIÓN, DISTRIBUCIÓN, ETC.
Lugar de publicación, distribución, etc. Santiago :
Nombre del editor, distribuidor, etc. [s.n.],
Fecha de publicación, distribución, etc. 1842 (
Fabricante Imp. de Viuda e Hijos de Compañel)
300 ## - DESCRIPCIÓN FÍSICA
Extensión 32 p. ;
Dimensiones 14 cm.
610 24 - PUNTO DE ACCESO ADICIONAL DE MATERIA--NOMBRE DE ENTIDAD CORPORATIVA
Nombre de entidad corporativa o nombre de jurisdicción como elemento de entrada Academia Literaria de Santiago.
9 (RLIN) 153779
852 4# - LOCALIZACIÓN
Ubicación ES-MaACL
Número de control de estantería T-24-F-7
Nota libre - Falto de cub. original
-- - Enc. en un vol. facticio
Holdings
Estatus retirado Estado de pérdida Estado de daño No para préstamo Colección Biblioteca de origen Biblioteca actual Ubicación en estantería Fecha de adquisición Fuente de adquisición Total de préstamos Signatura topográfica completa Código de barras Visto por última vez Precio de reemplazo Tipo de ítem Koha
        Colección de folletos Biblioteca del Ateneo de Madrid Biblioteca del Ateneo de Madrid Depósito folletos 05/11/2013     T-24-F-7 1192114 23/02/2023 23/02/2023 Folleto